| 000 | 00476nam a2200145Ia 4500 | ||
|---|---|---|---|
| 041 | _aArabic | ||
| 082 | _a347 cut-398 ع | ||
| 100 | _a20260118u\\\\\\\\\\\y0engy0103\\\\ba | ||
| 100 | _aالقاضي لفته هامل العجيلي | ||
| 245 | 0 | _aقانون المرافعات المدنية في ضوء اراء الفقه واحكام القضاء | |
| 250 | _aط1 | ||
| 260 |
_bدار السنهوري _aبيروت - لبنان _c2020 |
||
| 300 | _a703 | ||
| 942 | _cBk | ||
| 999 |
_c189125 _d189125 |
||